British Board of Agrement (Record no. 119424)

MARC details
000 -LEADER
fixed length control field 00853cai a2200181 4500
001 - CONTROL NUMBER
control field WS104594
008 - FIXED-LENGTH DATA ELEMENTS--GENERAL INFORMATION
fixed length control field 120208n2009 000 0 eng u
035 ## - SYSTEM CONTROL NUMBER
System control number (Sirsi) u104594
110 ## - MAIN ENTRY--CORPORATE NAME
Corporate name or jurisdiction name as entry element British Board of Agrement
9 (RLIN) 1555
245 ## - TITLE STATEMENT
Title British Board of Agrement
Remainder of title BBA
Medium [electronic resource]
520 ## - SUMMARY, ETC.
Summary, etc. The British Board of Agrement (BBA) is the UK's major authority offering approval and certification services to manufacturers and installers supplying the construction industry. Search the website for agrement certificates by category, certificate number and holders name.
650 ## - SUBJECT ADDED ENTRY--TOPICAL TERM
Topical term or geographic name entry element AGREMENT CERTIFICATES
650 ## - SUBJECT ADDED ENTRY--TOPICAL TERM
Topical term or geographic name entry element EUROPEAN TECHNICAL APPROVALS
650 ## - SUBJECT ADDED ENTRY--TOPICAL TERM
Topical term or geographic name entry element CE MARKS
690 ## - LOCAL SUBJECT ADDED ENTRY--TOPICAL TERM (OCLC, RLIN)
Topical term or geographic name as entry element BUILT ENVIRONMENT-BUILDING MATERIALS
856 40 - ELECTRONIC LOCATION AND ACCESS
Uniform Resource Identifier <a href="https://www.bbacerts.co.uk/">https://www.bbacerts.co.uk/</a>
Public note View the website free of charge at www.bbacerts.co.uk/...
942 ## - ADDED ENTRY ELEMENTS (KOHA)
Suppress in OPAC 0
Holdings
Withdrawn status Lost status Source of classification or shelving scheme Damaged status Not for loan Home library Current library Shelving location Date acquired Total Checkouts Full call number Barcode Date last seen Copy number Price effective from Koha item type
    Dewey Decimal Classification     Virtual Virtual Online 07/03/2000   WEB SITE 104594-2001 06/08/2019 1 06/08/2019 Online material